000 00454nam a2200169Ia 4500
008 230718s9999 xx 000 0 und d
020 _a9789351194378
041 _aeng
082 _a005.13'3074
_bZUM
100 _aZumel N.
245 _aPractical Data Science With R
260 _c2014
_bDreamtech/Manning
300 _a389
365 _cRs.
_b799.00
700 _aZumel N. & Mount J.
906 _dO:0505021-Apr-2016B:275812-Apr-2016
_cCOMP
_b1118.6
999 _c341931
_d341931